Central Library OPAC University of Rajshahi

First principles of public finance / (Record no. 59543)

MARC details
000 -LEADER
fixed length control field 00842nam a2200265 a 4500
001 - CONTROL NUMBER
control field 59543
003 - CONTROL NUMBER IDENTIFIER
rucl marc code BD-RjUL
005 - DATE AND TIME OF LATEST TRANSACTION
control field 20211209080737.0
008 - FIXED-LENGTH DATA ELEMENTS--GENERAL INFORMATION
fixed length control field 161226s19581936enka b 000 0 eng
035 ## - SYSTEM CONTROL NUMBER
System control number (BD-RjUL)59667
System control number (OCoLC)1721321
040 ## - CATALOGING SOURCE
Original cataloging agency DLC
Transcribing agency OTU
Modifying agency BD-RjUL
Language of cataloging eng
041 1# - LANGUAGE CODE
Language code of text/sound track or separate title eng
Language code of original ita
082 ## - DEWEY DECIMAL CLASSIFICATION NUMBER
Classification number 336
Edition number 23
Author mark and year VIF 1958
100 2# - MAIN ENTRY--PERSONAL NAME
Personal name Viti de Marco, Antonio de,
Dates associated with a name 1858-1943.
9 (RLIN) 177104
245 10 - TITLE STATEMENT
Title First principles of public finance /
Statement of responsibility, etc. Antonio de Viti de Marco, translated from the Italian by Edith Pavlo Marget.
260 ## - PUBLICATION, DISTRIBUTION, ETC. (IMPRINT)
Place of publication, distribution, etc. London :
Name of publisher, distributor, etc. Jonathan Cape,
Date of publication, distribution, etc. 1936 [Reprinted1958].
300 ## - PHYSICAL DESCRIPTION
Pagination 435 p. :
Size 23 cm.
504 ## - BIBLIOGRAPHY, ETC. NOTE
Bibliography, etc Includes index
650 #0 - SUBJECT ADDED ENTRY--TOPICAL TERM
Topical term or geographic name as entry element Finance.
9 (RLIN) 173578
Topical term or geographic name as entry element Taxation.
Form subdivision Finances publiques
9 (RLIN) 177105
700 1# - ADDED ENTRY--PERSONAL NAME
Personal name Marget, Edith Pavlo,
942 ## - ADDED ENTRY ELEMENTS (KOHA)
Source of classification or shelving scheme Dewey Decimal Classification
Koha item type Books
Holdings
Lost status Source of classification or shelving scheme Damaged status Not for loan Collection code Permanent Location Current Location Shelving location Date acquired Source of acquisition Cost, normal purchase price Total Checkouts Full call number Date last seen Copy number Koha item type
  Dewey Decimal Classification   Not For Loan Non-fiction Central Library, University of Rajshahi Central Library, University of Rajshahi Reading Room 09/11/1965 Zeitlinger 35.00   336 VIF 1958 26/12/2016 C-1 Books